Gastronomía típica gallega - Estadísticas

Estadísticas generales
  • Esta prueba ha sido intentada 539 veces
  • La puntuación promedio es 13 de 16
Estadísticas de respuestas
Imagen Respuesta % Correcto
Polbo á feira
100%
Tarta de Santiago
97%
Pementos de Padrón
96%
Percebes
93%
Empanada
92%
Licorca (Licor de café)
87%
Filloas
85%
Orella de porco
85%
Caldo galego
83%
Queimada
83%
Cocido galego
82%
Lacón con grelos
81%
Orellas de entroido
65%
Bica
62%
Pescada á galega
33%
Lamprea
31%
No se encontraron pruebas coincidentes
Distribución de puntuación
Porcentaje de gente con cada puntuación
Porcentaje por número respondido
Historial de tus puntuaciones
No has intentado esta prueba.